• 首页
  • 本馆介绍
  • 公告通知
  • 最新文献
  • 馆藏检索
  • 电子资源
  • 读者导购
  • 参考咨询
  • 我的图书馆
  • 登录
  • 详细信息显示
  • 放入我的书架
  • 预约/预借图书
  • 作者相关作品
  • 分类相关作品
  • 丛书相关作品
  • 出版社相关作品

书目信息

  • 表格格式
  • 工作单格式
  • 卡片格式
题名:
Word/Excel/PowerPoint 2003三合一办公应用
    
 
作者: 赛贝尔资讯 编著
分册:  
出版信息: 北京   清华大学出版社  2015
页数: 424页
开本: 26cm
丛书名: 职场办公应用
单 册:
中图分类: TP391.12 , TP391.13
科图分类:
主题词: 汉字处理软件系统--Han Zi Chu Li Ruan Jian Xi Tong , 表处理软件--Biao Chu Li Ruan Jian , 图形软件--Tu Xing Ruan Jian
电子资源:
ISBN: 978-7-302-38695-7
000 01292nam 2200313 450
001 1678086654
005 20150530084918.2
010    @a978-7-302-38695-7@dCNY69.80
010    @a978-7-89395-269-2@b光盘
100    @a20150530d2015 em y0chiy0120 ea
101 0  @achi
102    @aCN@b110000
105    @aa z 000yy
106    @ar
200 1  @aWord/Excel/PowerPoint 2003三合一办公应用@AWord/Excel/PowerPoint 2003 San He Yi Ban Gong Ying Yong@f赛贝尔资讯编著
210    @a北京@c清华大学出版社@d2015
215    @a424页@c图@d26cm@e光盘1片
225 2  @a职场办公应用@AZhi Chang Ban Gong Ying Yong
330    @a本书写给上手入门的初学者和职场应用新手学习的Word、Excel和PowerPoint办公应用的入门书籍。本书打破了传统的按部就班的知识讲解模式,以实际应用体例为出发点,通过大量来源于实际日常工作的实例,全面涵盖了读者在使用Word、Excel和PowerPoint进行日常办公过程中所遇到的问题及其解决方案。
333    @a企业行政人员、财务管理人员
410  0 @12001 @a职场办公应用
606 0  @a汉字处理软件系统@AHan Zi Chu Li Ruan Jian Xi Tong
606 0  @a表处理软件@ABiao Chu Li Ruan Jian
606 0  @a图形软件@ATu Xing Ruan Jian
690    @aTP391.12@v5
690    @aTP391.13@v5
701  0 @a赛贝尔资讯@ASai Bei Er Zi Xun@4编著
801  0 @aCN@b江苏新华@c20150511
905    @aBZT@dTP391.12@e24
    
    Word/Excel/PowerPoint 2003三合一办公应用/赛贝尔资讯编著.-北京:清华大学出版社,2015
    424页:图;26cm+光盘1片.-(职场办公应用)
    使用对象:企业行政人员、财务管理人员
    
    ISBN 978-7-302-38695-7:CNY69.80
    本书写给上手入门的初学者和职场应用新手学习的Word、Excel和PowerPoint办公应用的入门书籍。本书打破了传统的按部就班的知识讲解模式,以实际应用体例为出发点,通过大量来源于实际日常工作的实例,全面涵盖了读者在使用Word、Excel和PowerPoint进行日常办公过程中所遇到的问题及其解决方案。
●
相关链接 在五车中查询图书 在当当中查询图书 在豆瓣中查询图书


正题名:Word/Excel/PowerPoint 2003三合一办公应用     索取号:TP391.12/24         预约/预借

序号 登录号 条形码 馆藏地/架位号 状态 备注
1 801155   2000801155   第二书库/ [索取号:TP391.12/24] 在馆    
2 801156   2000801156   第二书库/ [索取号:TP391.12/24] 在馆    
3 801157   2000801157   第二书库/ [索取号:TP391.12/24] 在馆    
山东省滨州职业学院图书馆 欢迎您!
大连网信软件有限公司© 版权所有